00795nam a2200157Ia 450000500170000000800410001702000150005808200170007324500310009026000540012130000130017550003750018870000220056370000230058570000290060820240905031628.0240331s9999 xx 000 0 und d a9051662998 bNORa613.042 0aNorplant :bunder her skin aAmsterdambWomen's Health Action Foundationc1993 a126 p ., aUnder her skin describe the use of Norplant. a new long-acting contraceptive, in Indonesia, Finland, Thailand , Brazil and Egypt. A review of international acceptability studies is also included. Norplant consists of six hormone- releasing rods implanted under the skin of a woman's arm and is effective for five years. minor surgery is needed for insertion and removal. aMintzes, B. eedt aHardon, Anitaeedt aHanhart, Jennemiekeeedt